LEADER 01316nam0-22003731i-450- 001 990003773790403321 005 20130313125519.0 010 $a88-425-0947-7 035 $a000377379 035 $aFED01000377379 035 $a(Aleph)000377379FED01 035 $a000377379 100 $a20030910d1992----km-y0itay50------ba 101 1 $aita$cfre 102 $aIT 105 $ay-------001yy 200 1 $aAntropologia della schiavitù$eil parto del guerriero e del mercante$fClaude Meillassoux$gintroduzione di Alessandro Triulzi$gtraduzione dal francese di Gaetano Riccardo$grevisione di Luisa Bonesio 210 $aMilano$cMursia$d©1992 215 $a352 p.$d21 cm 225 1 $aStrumenti per una nuova cultura. Guide e manuali 454 0$12001$aAnthropologie de l'esclavage. Le ventre de fer et d'argent$929330 610 0 $aSchiavitù$aAfrica$aAntropologia 676 $a306.362096 700 1$aMeillassoux,$bClaude$f<1925-2005>$0128916 801 0$aIT$bUNINA$gRICA$2UNIMARC 901 $aBK 912 $a990003773790403321 952 $a306.362096 MEI 1$b4503$fBFS 952 $a306.362096 MEI 1BIS$b3539$fBFS 952 $a306.362 MEI 1$bBibl. 14714$fFLFBC 959 $aBFS 959 $aFLFBC 996 $aAnthropologie de l'esclavage. Le ventre de fer et d'argent$929330 997 $aUNINA LEADER 00953cam0-22003491i-450 001 990000414610403321 005 20210210160449.0 010 $a88-85847-20-X 035 $a000041461 035 $aFED01000041461 035 $a(Aleph)000041461FED01 035 $a000041461 100 $a20001010d1986----km-y0itay50------ba 101 0 $aita 102 $aIT 105 $aa-------001yy 200 1 $a<>prevenzione incendi nella piccola e media industria$fGiacomo Elifani 205 $a3. ed. 210 $aRoma$cEPC$d1986 215 $a527 p.$cill.$d22 cm 451 0$1001990000273710403321 610 0 $aSicurezza edilizia 676 $a628.9 700 1$aElifani,$bGiacomo$0332928 801 0$aIT$bUNINA$gRICA$2UNIMARC 901 $aBK 912 $a990000414610403321 952 $a08 C 259$b259$fDINED 959 $aDINED 996 $aPrevenzione incendi nella piccola e media industria$9116031 997 $aUNINA DB $aING01